Political elites /

Saved in:
Bibliografiske detaljer
Hovedforfatter: Parry, Geraint
Format: Bog
Sprog:English
Udgivet: London : Allen & Unwin, 1969.
Serier:Studies in political science ; 5
Fag:
LEADER 01296cam a2200361 a 4500
001 c000271154
003 CARM
005 20070907104532.0
008 691124s1969 enk b 001 0 eng
010 |a 71-428115 
015 |a B69-12642 
019 1 |a 27493353  |z 561944  |z 21766457  |z 23885919  |z 52976060  |5 LACONCORD2021 
020 |a 0043200583 
020 |a 0043200591 (pbk.) 
035 |a (OCoLC)26827  |5 LACONCORD2021 
040 |a LC  |b eng  |c LC  |d XNTU 
050 0 0 |a JC330  |b .P3 1969b 
050 1 4 |a JC330  |b .P3 1969 
082 0 4 |a 320.5 
082 0 4 |a 321.5  |2 19 
100 1 |a Parry, Geraint. 
245 1 0 |a Political elites /  |c Geraint Parry. 
260 |a London :  |b Allen & Unwin,  |c 1969. 
300 |a 168 p. ;  |c 23 cm. 
440 0 |a Studies in political science ;  |v 5 
504 |a Includes bibliography and index. 
650 0 |a Elite (Social sciences) 
650 0 |a Power (Social sciences) 
852 8 |b CARM  |h A1:AN27F0  |i B08873  |p 0383100  |f BK 
852 8 |b CARM  |h A1:AQ09A0  |i B07361  |p 0346918  |f BK 
999 f f |i 2dd4f88d-5e00-59df-9c6b-bde2855eff09  |s 1451663e-4e6c-5c74-b741-0c1adf69a728 
952 f f |p Can circulate  |a CAVAL  |b CAVAL  |c CAVAL  |d CARM 1 Store  |e B07361  |f A1:AQ09A0  |h Other scheme  |i book  |m 0346918 
952 f f |p Can circulate  |a CAVAL  |b CAVAL  |c CAVAL  |d CARM 1 Store  |e B08873  |f A1:AN27F0  |h Other scheme  |i book  |m 0383100